THE RIGHT TO INFORMATION ACT, 2005 [22 OF 2005] (Record no. 9108)

MARC details
000 -LEADER
fixed length control field 00396nam a22001577a 4500
005 - DATE AND TIME OF LATEST TRANSACTION
control field 20260331124516.0
008 - FIXED-LENGTH DATA ELEMENTS--GENERAL INFORMATION
fixed length control field 260331b |||||||| |||| 00| 0 eng d
041 ## - LANGUAGE CODE
Language code of text/sound track or separate title eng
082 ## - DEWEY DECIMAL CLASSIFICATION NUMBER
Classification number 342.5406 BAR-R
100 ## - MAIN ENTRY--AUTHOR NAME
Personal name BARE ACT
245 ## - TITLE STATEMENT
Title THE RIGHT TO INFORMATION ACT, 2005 [22 OF 2005]
260 ## - PUBLICATION, DISTRIBUTION, ETC. (IMPRINT)
Place of publication DELHI
Name of publisher PROFESSIONAL BOOK PUBLISHERS
Year of publication 2026
300 ## - PHYSICAL DESCRIPTION
Number of Pages 71;P
650 ## - SUBJECT ADDED ENTRY--TOPICAL TERM
Topical Term LAW
942 ## - ADDED ENTRY ELEMENTS (KOHA)
Koha item type Books
Holdings
Lost status Damaged status Collection code Home library Current library Date acquired Source of acquisition Cost, normal purchase price Full call number Accession Number Koha item type
    LAW JRU Library JRU Library 31/03/2026 PURCHASE 140.00 342.5406 29402 Books
    LAW JRU Library JRU Library 31/03/2026 PURCHASE 140.00 342.5406 29403 Books
    LAW JRU Library JRU Library 31/03/2026 PURCHASE 140.00 342.5406 29404 Books
    LAW JRU Library JRU Library 31/03/2026 PURCHASE 140.00 342.5406 29405 Books
    LAW JRU Library JRU Library 31/03/2026 PURCHASE 140.00 342.5406 29406 Books
    LAW JRU Library JRU Library 31/03/2026 PURCHASE 140.00 342.5406 29407 Books
    LAW JRU Library JRU Library 31/03/2026 PURCHASE 140.00 342.5406 29408 Books
    LAW JRU Library JRU Library 31/03/2026 PURCHASE 140.00 342.5406 29409 Books
    LAW JRU Library JRU Library 31/03/2026 PURCHASE 140.00 342.5406 29410 Books
    LAW JRU Library JRU Library 31/03/2026 PURCHASE 140.00 342.5406 29411 Books